000 01582nam0a22004097a 4500
003 CHAP
005 20220817043716.0
008 000922s2000 mx a r 00010 spa d
010 _a82336
011 _a83308
035 _a93819
040 _cCHAP
082 0 4 _a500
_bC4
110 2 _aConsejo Nacional de Ciencia y Tecnología. México
245 1 3 _aLa actividad del CONACYT por entidad federativa, 199-
_c/por Consejo Nacional de Ciencia y Tecnología
260 _aMéxico, D. F. :
_bConsejo Nacional de Ciencia y Tecnología,
_c2000
300 _av. :
_bilus., gráfs., anexos
410 2 1 _aConsejo Nacional de Ciencia y Tecnología. México
490 0 _aDocumentos de trabajo
500 _aLa Biblioteca tiene : 1998, 1999-2000,
590 _aBATCH-UPD
_b10
_c20130110
_lUCH01
_h0228
590 _aBATCH-UPD
_b10
_c20130110
_lUCH01
_h1221
590 _aBATCH-UPD
_b10
_c20130409
_lUCH01
_h2251
590 _aBATCH-UPD
_b10
_c20130410
_lUCH01
_h1333
590 _aBATCH-UPD
_b10
_c20130914
_lUCH01
_h0936
590 _aCONVERSION
_b10
_c20130109
_lUCH01
_h1346
650 1 4 _aCiencia
_xInvestigación.
_923126
650 1 4 _aTecnología
_xInvestigación.
_9111951
810 2 1 _aConsejo Nacional de Ciencia y Tecnología. México
830 0 _aDocumentos de trabajo
_933268
901 _aBK
905 _aLilia Sánchez G.
942 _cLIBRO
949 _a500 C4
_bBC
_cC
_d33724000806998
_eC
_f1998 c.2
_h98826
_i93819
_sb
949 _a500 C4
_bBC
_cC
_d33724000807160
_eC
_f1998
_h98825
_i93819
_sb
949 _a500 C4
_bBC
_cC
_d33724000873303
_eC
_f1999-2000
_gDonaciØn
_h103853
_i93819
_sb
999 _c82336
_d82336